000 01148 a2200241 4500
001 54716
005 20260407155822.0
008 260407a1986 arg spa d
003 AR-UNSa-BCEJYS
040 _aAR-UNSa-BCEJYS
_bspa
_cAR-UNSa-BCEJYS
080 _a321
_xFormas de la organización política. Los estados como poderes políticos
245 1 0 _aDominación y acuerdo
020 _a84-7432-438-6
264 1 _aBarcelona :
_bGedisa
_c1986
300 _a199 p.
_c22 cm.
505 _a1. La vieja polémica acerca del origen de la dominación - 2. Dominación y acuerdo-Acerca de la legitimidad civil - 3. Max Weber y la democracia - 4. Maquiavelo,maquiavelismo y política - 5. El Parlamento como ente histórico viviente - 6. El nacimiento de la Asamblea Nacional de 1789 - 7. Las elecciones como acto de gobierno ciudadano - 8. La época de las emancipaciones - 9. Politeia y Leviatán-Una polémica acerca del Estado antiguo y el moderno
942 _cBK
590 _aniveau_biblio:m niveau_hierar:0
100 1 _aSternberger, Dolf
700 1 _aSeña, Jorge M.
700 1 _aGarzón Valdés, Ernesto
700 1 _aZimmerling, Ruth
999 _c5739
_d5739